00577cam a22002291 4500001001300000003000400013005001700017008004100034010001700075035002000092040001800112042001200130050001900142100001800161245003100179260002100210300001900231500001300250504003000263600003700293999001700330sa 68017018 DLC20260227112659.0890920s1967 ii b 000 0 urdr  asa 68017018  a(OCoLC)20373239 aDLCcWaUdDLC apremarc00aPK2198.R3bZ780 aNaiyer Masud.00aRajab ʻAlī Beg Surūr. a[Lucknow,c1967] a439 p.c22 cm. aIn Urdu. aBibliography: p. 421-428.00aRajab Ali Beg,c1787 (ca.)-1867. c87471d87471